Recursos humanos : desempeño y evaluación / L.L. Cummings, Donald P. Schwab (Registro nro. 15681)
[ vista simple ]
| 000 -LÍDER | |
|---|---|
| fixed length control field | 00566nam a2200169 4500 |
| 008 - ELEMENTOS DE LONGITUD FIJA -- INFORMACIÓN GENERAL | |
| fixed length control field | 0 1985 0x 000 0MEX |
| 020 ## - NÚMERO INTERNACIONAL NORMALIZADO PARA LIBROS | |
| ISBN | 968-24-1791-0 |
| 050 ## - SIGNATURA TOPOGRAFICA DE LA BIBLIOTECA DEL CONGRESO (LC) | |
| Número de Clasificación | HF5549.5.P35 C87 1985 |
| 082 ## - NUMERO DE CLASIFICACION DECIMAL DEWEY | |
| Número de Clasificación | 658.312.5 C283r |
| 100 ## - ASIENTO PRINCIPAL--NOMBRE PERSONAL | |
| Nombre personal | Cummings, L.L. |
| 245 ## - TÍTULO | |
| Título | Recursos humanos : desempeño y evaluación / L.L. Cummings, Donald P. Schwab |
| 260 ## - PUBLICACIÓN, DISTRIBUCIÓN, ETC. (PIE DE IMPRENTA) | |
| Lugar de publicación, distribución, etc. | México : Trillas |
| 300 ## - DESCRIPCIÓN FÍSICA | |
| Extensión | 182 p. / 23 cm. |
| 440 ## - | |
| -- | Teoría y práctica organizacional / Trillas |
| 650 ## - ASIENTO SECUNDARIO DE MATERIA - TERMINO TEMÁTICO | |
| Término temático o nombre geográfico como elemento de entrada | 1.ADMINISTRACION DE PERSONAL \ 2.EMPLEADOS |
| 700 ## - ASIENTO SECUNDARIO - NOMBRE PERSONAL | |
| Nombre personal | Schwab, Donald P. Coaut. |
| No. biblioteca | No. biblioteca | Número de clasificación | Código de barras/Número de adquisición | Número de copia | Tipo de material |
|---|---|---|---|---|---|
| LUIS G. INCLAN | LUIS G. INCLAN | 658.312.5 C283r | 42025 | 3 | Libros |
| LUIS G. INCLAN | LUIS G. INCLAN | 658.312.5 C283r | 10499 | 1 | Libros |
| LUIS G. INCLAN | LUIS G. INCLAN | 658.312.5 C283r | 28874 | 2 | Libros |
